000 00745cab a2200253 4500
001 WB3013-35
008 090401t1994 xxu||||| |||| 00| 0 eng d
035 _a(Sirsi) u16982
041 _aeng
245 _aRisk management
260 _c1994
300 _aLOAN
350 _a0
490 _aFinancial Times
_v28 March 1994, 23-27(4)
520 _aA supplement on the means of reducing risks to business, ranging from insurance schemes to disaster planning, with articles on employers` and environmental liability.
650 _aBUSINESS INTERRUPTION
650 _aCAPTIVES
650 _aCONTINGENCY PLANS
650 _aRISK MANAGEMENT
650 _aTERRORISM
690 _aSPECIAL REPORTS
942 _n0
948 _c04/03/1997
999 _c11249
_d11249